| 000 | 01116nam a2200289Ia 4500 | ||
|---|---|---|---|
| 003 | OSt | ||
| 005 | 20221005105325.0 | ||
| 006 | a|||||r|||| 00| 0 | ||
| 007 | ta | ||
| 008 | 221004b |||||||| |||| 00| 0 hin d | ||
| 020 |
_a8179170152 (hbk) _c350 |
||
| 024 | _a26338 | ||
| 037 |
_b21, 17/03/2016, P. K. Books _cTextual |
||
| 040 |
_aCRL _cCRL _bhin |
||
| 041 |
_2hin _ahin |
||
| 082 | _aW81v2, 152P2 | ||
| 100 | _aसहजानन्द सरस्वती | ||
| 245 | 0 | _aक्रांति और संयुक्त मोर्चा | |
| 246 | _aKrāanti aur sanyukta morchā | ||
| 250 | _aसंस्करण 2 | ||
| 260 |
_aनई दिल्ली _bग्रंथ शिल्पी भारत _c2002 |
||
| 300 |
_a249पृ0 _ccm. |
||
| 650 | _aराजनीतिक विज्ञान | ||
| 700 | _a प्रधान, अवधेश, संपा. | ||
| 942 |
_hW81v2, 152P2 _cTEXL _2cc |
||
| 999 |
_c1015470 _d1015470 |
||